| 000 | 01023nas a2200265 i 4500 | ||
|---|---|---|---|
| 001 | 37878 | ||
| 003 | DR-UNIBE | ||
| 005 | 20251217110329.0 | ||
| 007 | ta | ||
| 008 | 250909e1982 dr uu|per||||||0| | spa d | ||
| 040 |
_aBIBLIOTECA UNIBE _cBIBLIOTECA UNIBE _bspa _dDO-SdBNP _erda |
||
| 041 | _aspa | ||
| 110 |
_aPartido de la Liberación Dominicana (PLD). _984959 |
||
| 245 |
_aVanguardia del Pueblo / _cPartido de la Liberación Dominicana (PLD). |
||
| 264 |
_aSanto Domingo, República Dominicana : _bPartido de la Liberación Dominicana (PLD), _c1982. |
||
| 300 |
_avolumen : _bilustraciones, fotografías ; _c37 cm. |
||
| 310 | _aDesconocida. | ||
| 336 |
_atexto _btxt _2rdacontent |
||
| 337 |
_asin mediación _bn _2rdamedia |
||
| 338 |
_avolumen _bnc _2rdacarrier |
||
| 362 | _aEnero 1982. | ||
| 500 | _aVanguardia del pueblo. Órgano de difusión oficial del Partido de la Liberación Dominicana. | ||
| 650 |
_aCiencias políticas _95189 _vPublicaciones periódicas _zRepública Dominicana |
||
| 942 |
_cISSUE _2ddc |
||
| 999 |
_c59864 _d59864 |
||